Local empowerment and strategic co-ordination (Record no. 114575)

MARC details
000 -LEADER
fixed length control field 01184cad a22002295a 4500
001 - CONTROL NUMBER
control field L157074
008 - FIXED-LENGTH DATA ELEMENTS--GENERAL INFORMATION
fixed length control field 120829s2012 xxk f 000 0 eng d
020 ## - INTERNATIONAL STANDARD BOOK NUMBER
International Standard Book Number 9781842198117
035 ## - SYSTEM CONTROL NUMBER
System control number (Sirsi) u157074
041 0# - LANGUAGE CODE
Language code of text/sound track or separate title eng
100 1# - MAIN ENTRY--PERSONAL NAME
Personal name Bianconi, Marco
245 00 - TITLE STATEMENT
Title Local empowerment and strategic co-ordination
Remainder of title a review of changing practices in infrastructure planning at the sub-regional level in England
Medium [electronic resource]
260 ## - PUBLICATION, DISTRIBUTION, ETC.
Place of publication, distribution, etc. London
Name of publisher, distributor, etc. RICS
Date of publication, distribution, etc. 2012
490 #0 - SERIES STATEMENT
Series statement RICS Research
520 ## - SUMMARY, ETC.
Summary, etc. Looks at the transitional arrangements for Local Enterprise Partnerships (LEPs) and sub-regional and regional planning in relation to the delivery of enabling infrastructure associated with housing growth during the first half of 2011. Asks whether LEPs are receiving adequate support from central government and local authorities, and obtaining the necessary buy-in from local business leaders.
651 #4 - SUBJECT ADDED ENTRY--GEOGRAPHIC NAME
Geographic name England and Wales
Chronological subdivision 1543-
690 ## - LOCAL SUBJECT ADDED ENTRY--TOPICAL TERM (OCLC, RLIN)
Topical term or geographic name as entry element Planning and development
9 (RLIN) 6259
700 1# - ADDED ENTRY--PERSONAL NAME
Personal name Hamiduddin, Iqbal
700 1# - ADDED ENTRY--PERSONAL NAME
Personal name Gallent, Nick
856 40 - ELECTRONIC LOCATION AND ACCESS
Uniform Resource Identifier <a href="https://www.rics.org/Global/RICS_LESCO_Report.pdf">https://www.rics.org/Global/RICS_LESCO_Report.pdf</a>
Public note View the item free of charge at www.rics.org
942 ## - ADDED ENTRY ELEMENTS (KOHA)
Suppress in OPAC 0
Holdings
Withdrawn status Lost status Source of classification or shelving scheme Damaged status Not for loan Home library Current library Shelving location Date acquired Total Checkouts Full call number Barcode Date last seen Copy number Price effective from Koha item type
    Dewey Decimal Classification     Virtual Virtual Online 29/08/2012   ONLINE PUBLICATION 157074-2001 06/08/2019 1 06/08/2019 Book